000 00685nam a2200253Ia 4500
003 OSt
005 20221005032006.0
006 a|||||r|||| 00| 0
007 ta
008 221004b |||||||| |||| 00| 0 tam d
020 _c02
024 _a64485
037 _cTextual
040 _aCRL
_cCRL
_btam
041 _2tam
_atam
082 _a031,1C91, w3J61
100 _aParamasivanandham A.Mu. Au.
_9584641
245 0 _aSeevagan Kadhai
260 _aChennai
_bThamizh Pathippakam India
_c1956
300 _a147p.
_ccm.
650 _aTAMIL LITERATURE
942 _h031,1C91, w3J61
_cTEXL
_2cc
999 _c938884
_d938884